000 00999naa a22002657a 4500
001 BR8707422
003 BR-BrBNA
005 20250721154531.0
007 ta
008 250630b bl.|||m| |||| 00| 0 por d
040 _aBR-BrBNA
_bpor
_cBiblioteca Nacional de Agricultura
041 _a(Pt)
072 _aF02
_b1126
090 _aF02 BR8707422
100 1 _aCabral, J.R.S.
111 1 _a1. Simposio Nacional de Cultura de Tecidos Vegetais
_cBrasilia, DF (Brazil)
_d1 Oct 1985
245 1 _aMicropropagacao do abacaxi in vitro
500 _aAnais do 1. Simposio Nacional de Cultura de Tecidos Vegetais Brasilia, DF (Brasil): 1986. p. 99 (BR8707422-AMS)
773 0 _tAnais do 1. Simposio Nacional de Cultura de Tecidos Vegetais
_wF02 BR8707422
_gBrasilia, DF (Brasil), 1986. p. 99
650 _aABACAXI
650 _aREPRODUCAO VEGETAL
490 _aDocumentos - Centro Nacional de Pesquisa de Hortalicas (Brazil)
_vno. 1
942 _cAMS
_2AGRIS
909 _a202506
_bLúcia
_c55
_dLúcia Elande
999 _c335453
_d335453